Saison | Starts | Fahrer | % Korrekt | |
---|---|---|---|---|
1994• | 3 | 🇧🇷 | Ayrton Senna | 91%
|
2012 | 20 | 🇧🇷 | Bruno Senna | 91%
|
2020 - 2022 | 61 | 🇨🇦 | Nicholas Latifi | 91%
|
2019 | 21 | 🇵🇱 | Robert Kubica | 91%
|
1993 | 16 | 🇫🇷* | Alain Prost | 86%
|
2014 - 2017 | 78 | 🇧🇷 | Felipe Massa | 86%
|
2019 - 2021 | 59 | 🇬🇧 | George Russell | 86%
|
1982 - 1985 | 62 | 🇫🇮* | Keke Rosberg | 86%
|
2023 - | 22 | 🇺🇸 | Logan Sargeant | 86%
|
2006 - 2009 | 70 | 🇩🇪 | Nico Rosberg | 86%
|
1999 - 2004 | 94 | 🇩🇪 | Ralf Schumacher | 86%
|
2013 - 2016 | 77 | 🇫🇮 | Valtteri Bottas | 86%
|
1994 - 1995 | 25 | 🏴 | David Coulthard | 82%
|
1996 - 1998 | 49 | 🇨🇦* | Jaques Villeneuve | 82%
|
2005 | 13 | 🇩🇪 | Nick Heidfeld | 82%
|
1985 - 1988 1991 - 1992, 1994 | 95 | 🇬🇧* | Nigel Mansell | 82%
|
2022 - | 43 | 🇹🇭 | Alexander Albon | 77%
|
1993 - 1996 | 65 | 🇬🇧* | Damon Hill | 77%
|
2001 - 2004 | 68 | 🇨🇴 | Juan Pablo Montoya | 77%
|
1997 - 1998 | 33 | 🇩🇪 | Heinz-Harald Frentzen | 73%
|
2017 - 2018 | 41 | 🇨🇦 | Lance Stroll | 73%
|
1986 - 1987 | 31 | 🇧🇷* | Nelson Piquet | 73%
|
2010 | 19 | 🇩🇪 | Nico Hülkenberg | 73%
|
2011 - 2013 | 58 | 🇻🇪 | Pastor Maldonado | 73%
|
2018 | 21 | 🏳️ | Sergei Sirotkin | 73%
|
2010 - 2011 | 38 | 🇧🇷 | Rubens Barrichello | 68%
|
1978 - 1981 | 60 | 🇦🇺* | Alan Jones | 64%
|
2005 - 2006 | 36 | 🇦🇺 | Mark Webber | 64%
|
2022 | 1 | 🇳🇱 | Nick de Vries | 64%
|
2017 | 16 | 🇦🇹 | Alexander Wurz | 55%
|
1980 - 1982 | 31 | 🇦🇷 | Carlos Reutemann | 55%
|
2007 - 2009 | 36 | 🇯🇵 | Kazuki Nakajima | 55%
|
1982 | 1 | 🇺🇸 | Mario Andretti | 55%
|
2020 | 1 | 🇬🇧 | Jack Aitken | 50%
|
2000 | 17 | 🇬🇧 | Jenson Button | 50%
|
1973 | 1 | 🇧🇪 | Jacky Ickx | 45%
|
1987 - 1992 | 81 | 🇮🇹 | Riccardo Patrese | 45%
|
1999 | 16 | 🇮🇹 | Alessandro Zanardi | 41%
|
1979 | 15 | 🇨🇭 | Clay Regazzoni | 41%
|
1989 - 1990 | 32 | 🇧🇪 | Thierry Boutsen | 41%
|
1975 | 2 | 🇿🇦 | Ian Scheckter | 27%
|
1974 - 1975 | 15 | 🇫🇷 | Jacques Laffite | 27%
|
1983 - 1984 | 29 | 🇫🇷 | Jacques Laffite | 27%
|
2004, 2005 | 9 | 🇧🇷 | Antonio Pizzonia | 23%
|
1988 | 1 | 🇬🇧 | Martin Brundle | 23%
|
2017 | 1 | 🇬🇧 | Paul di Resta | 23%
|
1973, 1974 | 4 | 🇳🇱 | Gijs van Lennep | 18%
|
1983 | 1 | 🇬🇧 | Jonathan Palmer | 18%
|
2003, 2004 | 3 | 🇪🇸 | Marc Gené | 18%
|
1974 - 1975 | 21 | 🇮🇹 | Arturo Merzario | 14%
|
1972 -1973 | 23 | 🇫🇷 | Henri Pescarolo | 9%
|
1988 | 1 | 🇫🇷 | Jean-Louis Schlesser | 9%
|
1975, 1976 | 2 | 🇮🇹 | Renzo Zorzi | 9%
|
1982 | 12 | 🇮🇪 | Derek Daly | 5%
|
1973 | 15 | 🇳🇿 | Howden Ganley | 5%
|
1973 | 5 | 🇮🇹 | Nanni Galli | 5%
|
1969 - 1970• | 15 | 🇬🇧 | Piers Courage | 5%
|
1980 | 4 | 🇬🇧 | Rupert Keegan | 5%
|
1969 -1976 | Frank Williams Racing Cars | 0%
| ||
1975 | 1 | 🇬🇧 | Tony Brise | 0%
|
ab 1977 | Williams Grand Prix Engineering | 0%
|
Copyright H Brothers Inc., 2008–2024
Kontakt | Zum Seitenanfang | Zur mobilen Version wechseln